Supply chain excellence: a handbook for dramatic improvement using the SCOR model
Salvato in:
| Autore principale: | |
|---|---|
| Altri autori: | |
| Natura: | Libro |
| Lingua: | inglese |
| Pubblicazione: |
New York, USA
AMACOM
2003
|
| Soggetti: | |
| Tags: |
Aggiungi Tag
Nessun Tag, puoi essere il primo ad aggiungerne!!
|
MARC
| LEADER | 00000nam a2200000 a 4500 | ||
|---|---|---|---|
| 001 | UCK9394 | ||
| 003 | CL-VaPUC | ||
| 005 | 20230905074222.0 | ||
| 008 | 060512e20030000US |||||||||||||||||eng|d | ||
| 999 | |c 316601 |d 316599 | ||
| 020 | |a 0814407307 | ||
| 040 | |c Pontificia Universidad Católica de Valparaíso | ||
| 082 | 0 | 4 | |a 658.7 BOL 2003 |2 21 |
| 100 | 0 | |a Bolstorff, Peter |9 499154 | |
| 245 | 1 | 0 | |a Supply chain excellence: a handbook for dramatic improvement using the SCOR model |
| 260 | 0 | 3 | |a New York, USA |b AMACOM |c 2003 |
| 300 | |a 278 páginas | ||
| 583 | |a last modification |c 20060512 00:00:00 |k Rodrigo Vera | ||
| 650 | 0 | |a Cadena de abastecimiento |9 455793 | |
| 650 | 0 | |a Gestión de la producción |9 259467 | |
| 650 | 0 | |a Administración de empresas |9 260833 | |
| 650 | 0 | |a Planificación estratégica |9 259735 | |
| 650 | 7 | |a LOGISTICA |2 CL-VaPUC |9 485423 | |
| 650 | 0 | |a Abastecimiento |9 443339 | |
| 700 | 0 | |a Rosenbaum, Robert |9 499155 | |
| 942 | |c BK |2 ddc | ||
| 945 | |d 20060512 00:00:00 |a cmena | ||
| 952 | |0 0 |1 0 |2 ddc |4 0 |6 658_700000000000000_BOL_2003 |7 0 |8 A |9 391129 |a BIBING |b BIBING |d 2019-11-22 |i 4228669 |o 658.7 BOL 2003 |p 4228669 |r 2025-01-20 |t 1 |w 2019-11-22 |y BK |k TRA | ||
| 952 | |0 0 |1 0 |2 ddc |4 0 |6 658_700000000000000_BOL_2003 |7 0 |8 A |9 391130 |a BIBING |b BIBING |d 2019-11-22 |i 4228677 |o 658.7 BOL 2003 |p 4228677 |r 2025-01-20 |t 2 |w 2019-11-22 |y BK |k TRA | ||